| 000 | 02452nam a2200349 a 4500 | ||
|---|---|---|---|
| 001 | 78061 | ||
| 003 | BD-RjUL | ||
| 005 | 20211209083102.0 | ||
| 008 | 210314s 1996bd a|||| m||| 00| 0 ben d | ||
| 035 | _a(BD-RjUL)78287 | ||
| 040 |
_aBD-RjUL _bben / eng _cBD-RjUL _dBD-RjUL |
||
| 041 | _aben | ||
| 082 |
_a297.63 _bMIM 1996 _223 |
||
| 100 |
_aমিঞা, মুহাম্মদ. সগীর উদ্দীন _9245968 |
||
| 245 | 1 | 0 |
_aমহানবীর রাষ্ট্রনীতি ও প্রশাসন ব্যবস্থা / _cমুহাম্মদ সগীর উদ্দীন মিঞা ; _6তত্ত্বাবধায়ক : এ. কে. এম. ইয়াকুব আলী |
| 260 |
_aরাজশাহী : _bইসলামের ইতিহাস ও সংস্কৃতি বিভাগ, রাজশাহী বিশ্ববিদ্যালয়, _c১৯৯৬ |
||
| 300 |
_a[১০], ৪০৯ পাতা : _bচিএ ; _c২৯ সেমি. |
||
| 502 | _aথিসিস ( পিএইচ. ডি.) -- ইসলামের ইতিহাস ও সংস্কৃতি বিভাগ, রাজশাহী বিশ্ববিদ্যালয়, ১৯৯৬ | ||
| 504 | _aগ্রন্থপঞ্জি ; পাতা ৩৯১ - ৪০৯ | ||
| 600 |
_aমুহাম্মদ (সা.), _c- নবী, _y-৬৩২ _xরাজনৈতিক এবং সামাজিক মতামত _9246178 |
||
| 600 |
_aMuḥammad (SM), _c-- Prophet, _y -632 - _xPolitical and social views. _9246179 |
||
| 650 |
_aইসলাম এবং রাষ্ট্র _zসৌদি আরব _zমদিনা _xইতিহাস _9246162 |
||
| 650 |
_aIslam and state _zSaudi Arabia _zMedina _xHistory _9246163 |
||
| 650 |
_aজন প্রশাসন _zইসলামিক সাম্রাজ্য _xইতিহাস _9177228 |
||
| 650 |
_aPublic administration _zIslamic Empire _xHistory _9246164 |
||
| 650 |
_aইসলামী সাম্রাজ্য _xরাজনীতি এবং সরকার _9246165 |
||
| 650 |
_aIslamic Empire _xPolitics and government _9246166 |
||
| 650 |
_aইসলাম ও রাজনীতি _xইতিহাস _9246167 |
||
| 650 |
_aIslam and politics _xHistory _9246168 |
||
| 700 |
_aআলী. এ. কে. এম. ইয়াকুব, তত্ত্বাবধায়ক _9245971 |
||
| 942 |
_2ddc _cTHE |
||
| 999 |
_c78061 _d78061 |
||